<?xml version="1.0" encoding="UTF-8"?>
<record
    xmlns:xsi="http://www.w3.org/2001/XMLSchema-instance"
    xsi:schemaLocation="http://www.loc.gov/MARC21/slim http://www.loc.gov/standards/marcxml/schema/MARC21slim.xsd"
    xmlns="http://www.loc.gov/MARC21/slim">

  <leader>03192nam a2200565Ia 4500</leader>
  <controlfield tag="001">1157</controlfield>
  <controlfield tag="008">241029s9999    xx            000 0 und d</controlfield>
  <datafield tag="010" ind1=" " ind2=" ">
    <subfield code="a">1068</subfield>
  </datafield>
  <datafield tag="041" ind1=" " ind2=" ">
    <subfield code="a">Espa&#xF1;ol</subfield>
  </datafield>
  <datafield tag="082" ind1=" " ind2=" ">
    <subfield code="a">MCETE - 286</subfield>
  </datafield>
  <datafield tag="245" ind1=" " ind2="0">
    <subfield code="a">Evaluaci&#xF3;n del plan de desarrollo o gesti&#xF3;n del Distrito Educativo 11-02 de Puerto Plata. Mayo-Agosto, 2011</subfield>
  </datafield>
  <datafield tag="260" ind1=" " ind2=" ">
    <subfield code="a">Puerto Plata</subfield>
  </datafield>
  <datafield tag="300" ind1=" " ind2=" ">
    <subfield code="a">78</subfield>
  </datafield>
  <datafield tag="520" ind1=" " ind2=" ">
    <subfield code="a">27</subfield>
  </datafield>
  <datafield tag="630" ind1=" " ind2=" ">
    <subfield code="a">Evaluaci&#xF3;n</subfield>
  </datafield>
  <datafield tag="630" ind1=" " ind2=" ">
    <subfield code="a">Evaluaci&#xF3;n Educativa</subfield>
  </datafield>
  <datafield tag="630" ind1=" " ind2=" ">
    <subfield code="a">Gesti&#xF3;n</subfield>
  </datafield>
  <datafield tag="630" ind1=" " ind2=" ">
    <subfield code="a">Servicios Estudiantiles</subfield>
  </datafield>
  <datafield tag="650" ind1=" " ind2=" ">
    <subfield code="a">Administraci&#xF3;n de la Educaci&#xF3;n</subfield>
  </datafield>
  <datafield tag="690" ind1=" " ind2=" ">
    <subfield code="a">Elaborado</subfield>
  </datafield>
  <datafield tag="700" ind1=" " ind2=" ">
    <subfield code="e">asesor</subfield>
    <subfield code="a">Bejar&#xE1;n Maldonado, Sonia</subfield>
  </datafield>
  <datafield tag="700" ind1=" " ind2=" ">
    <subfield code="e">autor</subfield>
    <subfield code="a">Herrera Santana, Damarys</subfield>
  </datafield>
  <datafield tag="700" ind1=" " ind2=" ">
    <subfield code="e">autor</subfield>
    <subfield code="a"> Flete Tejada, Alejandro</subfield>
  </datafield>
  <datafield tag="901" ind1=" " ind2=" ">
    <subfield code="a">{"1":"Herrera Santana","2":" Flete Tejada"}</subfield>
    <subfield code="b">{"1":"Damarys","2":"Alejandro"}</subfield>
  </datafield>
  <datafield tag="902" ind1=" " ind2=" ">
    <subfield code="a">1</subfield>
  </datafield>
  <datafield tag="903" ind1=" " ind2=" ">
    <subfield code="a">{"1":"Bejar&#xE1;n Maldonado"}</subfield>
    <subfield code="b">{"1":"Sonia"}</subfield>
  </datafield>
  <datafield tag="904" ind1=" " ind2=" ">
    <subfield code="a">Mag&#xED;ster en</subfield>
  </datafield>
  <datafield tag="905" ind1=" " ind2=" ">
    <subfield code="a">Ciencias de la Educaci&#xF3;n</subfield>
  </datafield>
  <datafield tag="906" ind1=" " ind2=" ">
    <subfield code="a">1</subfield>
  </datafield>
  <datafield tag="907" ind1=" " ind2=" ">
    <subfield code="a">Menci&#xF3;n en</subfield>
  </datafield>
  <datafield tag="908" ind1=" " ind2=" ">
    <subfield code="a">Administraci&#xF3;n Educativa</subfield>
  </datafield>
  <datafield tag="909" ind1=" " ind2=" ">
    <subfield code="a">Universidad Tecnol&#xF3;gica de Santiago (UTESA), Campus Central Herrera</subfield>
  </datafield>
  <datafield tag="910" ind1=" " ind2=" ">
    <subfield code="a">NULL</subfield>
    <subfield code="b">NULL</subfield>
  </datafield>
  <datafield tag="911" ind1=" " ind2=" ">
    <subfield code="a">["1"]</subfield>
  </datafield>
  <datafield tag="912" ind1=" " ind2=" ">
    <subfield code="a">NO APLICA</subfield>
  </datafield>
  <datafield tag="913" ind1=" " ind2=" ">
    <subfield code="a">NULL</subfield>
  </datafield>
  <datafield tag="914" ind1=" " ind2=" ">
    <subfield code="a">01 de Agosto de 2011</subfield>
  </datafield>
  <datafield tag="915" ind1=" " ind2=" ">
    <subfield code="a">08/07/15 02:07</subfield>
  </datafield>
  <datafield tag="916" ind1=" " ind2=" ">
    <subfield code="a">NULL</subfield>
  </datafield>
  <datafield tag="917" ind1=" " ind2=" ">
    <subfield code="a">NULL</subfield>
  </datafield>
  <datafield tag="918" ind1=" " ind2=" ">
    <subfield code="a">NO APLICA</subfield>
  </datafield>
  <datafield tag="919" ind1=" " ind2=" ">
    <subfield code="a">["97","102","111","183"]</subfield>
  </datafield>
  <datafield tag="520" ind1=" " ind2=" ">
    <subfield code="a">La investigaci&#xF3;n pretendi&#xF3; evaluar la gesti&#xF3;n del Plan de Desarrollo Educativo del Distrito Educativo 11-02 de Puerto Plata e identificar los servicios educativos que ofrece. El dise&#xF1;o metodol&#xF3;gico utilizado en la investigaci&#xF3;n fue de tipo descriptivo, anal&#xED;tico y de campo. Las t&#xE9;cnicas empleadas en la investigaci&#xF3;n fueron la observaci&#xF3;n, la encuesta y la entrevista. Como instrumento se emple&#xF3; el cuestionario. La poblaci&#xF3;n trabajada en la investigaci&#xF3;n estuvo compuesta por el Director del Distrito 11-02 y 26 t&#xE9;cnicos de las diferentes &#xE1;reas y niveles educativos.Dentro de las conclusiones m&#xE1;s relevantes de esta investigaci&#xF3;n, se destaca que el Director de Distrito expres&#xF3; que no existe un Plan de Desarrollo en la instituci&#xF3;n, mientras que el 73% de los t&#xE9;cnicos manifest&#xF3; que participaron en la elaboraci&#xF3;n de dicho Plan.No existe coherencia en las respuestas, por lo que hay que investigar a qui&#xE9;n corresponde la verdad. Respecto a los servicios educativos que ofrece el Distrito Educativo, la investigaci&#xF3;n concluye que, de acuerdo a lo expresado por el Director de Distrito, la calidad de los servicios que &#xE9;ste ofrece son muy buenos, sin embargo s&#xF3;lo el 35% de los t&#xE9;cnicos coincide con esa afirmaci&#xF3;n, ya que la mayor&#xED;a dice que son buenos; y un porcentaje poco significativo expresa que son regulares.La investigaci&#xF3;n sugiere que el Director de Distrito impulse la elaboraci&#xF3;n de un Plan de Desarrollo acorde a las exigencias de su entorno y en coordinaci&#xF3;n con el Ministerio de Educaci&#xF3;n, propiciando la participaci&#xF3;n de todos los T&#xE9;cnicos Distritales en dicha elaboraci&#xF3;n.</subfield>
  </datafield>
  <datafield tag="921" ind1=" " ind2=" ">
    <subfield code="a">11</subfield>
  </datafield>
  <datafield tag="922" ind1=" " ind2=" ">
    <subfield code="a">11</subfield>
  </datafield>
  <datafield tag="923" ind1=" " ind2=" ">
    <subfield code="a">0</subfield>
  </datafield>
  <datafield tag="924" ind1=" " ind2=" ">
    <subfield code="a">NO APLICA</subfield>
  </datafield>
  <datafield tag="942" ind1=" " ind2=" ">
    <subfield code="c">Tesis</subfield>
  </datafield>
  <datafield tag="999" ind1=" " ind2=" ">
    <subfield code="c">1068</subfield>
    <subfield code="d">1068</subfield>
  </datafield>
</record>
